000 00770nam a22002177a 4500
999 _c18816
_d18816
003 AR-CdUCM
008 190515b ||||| |||| 00| 0 spa d
040 _aMUNICIPALIDAD PROVINCIAL DEL CUSCO
_cBIBLIOTECA MUNICIPAL DEL CUSCO
082 _a614 /
_bD81
100 _aDrigalski, Wilhelm von
_939647
245 _aHombres contra microbios :
_bLa victoria de la humanidad sobre las grandes epidemias /
260 _aBarcelona :
_bLabor,
300 _a368 páginas ;
_c22 cm.
505 _aContenido : Difusión de la peste -- Viruela negra -- Paludismo -- El cólera ...
650 _aEpidemias
_939648
650 _aMicrobios
_936721
650 _aColera
_939649
700 _aRodrigo, Ignacio (Traducción)
_939650
942 _2ddc
_cLIBROS
945 _arah
_d2019/05/15